| 000 | 00770nam a2200277Ia 4500 | ||
|---|---|---|---|
| 008 | 160803s9999 xx 000 0 und d | ||
| 020 | _a0 516242229 | ||
| 100 | _aMcNeese, Tim | ||
| 245 | _aThe Challenger disaster / | ||
| 245 | _cTim McNeese. | ||
| 260 | _aNew York : | ||
| 260 | _bScholastic Inc. | ||
| 260 | _c2003 | ||
| 300 | _a48 pages : | ||
| 300 | _bcolor illustrations ; | ||
| 300 | _c25 cm. | ||
| 650 | _aChallenger (Spacecraft) -- | ||
| 650 | _aChallenger (Spacecraft) -- Accidents -- | ||
| 650 | _aSpace shuttles -- | ||
| 650 | _aSpace vehicle accidents -- United States -- | ||
| 650 | _xAccidents. | ||
| 650 | _xAccidents. | ||
| 650 | _xJuvenile literature. | ||
| 650 | _xJuvenile literature. | ||
| 700 | _a1170 | ||
| 999 |
_c298849 _d298849 |
||